|
|
|
|
| LEADER |
01538nam a2200385Ia 4500 |
| 001 |
EBC3445605 |
| 003 |
MiAaPQ |
| 005 |
20200520144314.0 |
| 006 |
m o d | |
| 007 |
cr cn||||||||| |
| 008 |
061201s2006 ne a a s b 101 0 eng d |
| 020 |
|
|
|z 9086860060 (hd.bd.)
|
| 020 |
|
|
|z 9789086860067 (hd.bd.)
|
| 020 |
|
|
|z 9789086865871
|
| 035 |
|
|
|a (MiAaPQ)EBC3445605
|
| 035 |
|
|
|a (Au-PeEL)EBL3445605
|
| 035 |
|
|
|a (CaPaEBR)ebr10686832
|
| 035 |
|
|
|a (OCoLC)932318698
|
| 040 |
|
|
|a MiAaPQ
|c MiAaPQ
|d MiAaPQ
|
| 050 |
|
4 |
|a QP632.M9
|b M93 2006
|
| 245 |
0 |
4 |
|a The mycotoxin factbook
|h [electronic resource] :
|b food & feed topics /
|c edited by D. Barug ... [et al.].
|
| 246 |
3 |
|
|a Mycotoxin fact book
|
| 260 |
|
|
|a Wageningen :
|b Wageningen Academic Publishers,
|c 2006.
|
| 300 |
|
|
|a 384 p. :
|b ill.
|
| 500 |
|
|
|a "Contains the ... papers of the third conference of the World Mycotoxin Forum, which was held in the Netherlands in November 2005."--Foreword.
|
| 500 |
|
|
|a Published as a supplement to: Meeting the mycotoxin menance. 2004.
|
| 504 |
|
|
|a Includes bibliographical references and index.
|
| 533 |
|
|
|a Electronic reproduction. Ann Arbor, MI : ProQuest, 2015. Available via World Wide Web. Access may be limited to ProQuest affiliated libraries.
|
| 650 |
|
0 |
|a Mycotoxins.
|
| 650 |
|
0 |
|a Mycology.
|
| 650 |
|
0 |
|a Food
|x Microbiology.
|
| 655 |
|
4 |
|a Electronic books.
|
| 700 |
1 |
|
|a Barug, D.
|
| 710 |
2 |
|
|a ProQuest (Firm)
|
| 856 |
4 |
0 |
|u https://ebookcentral.proquest.com/lib/matrademy/detail.action?docID=3445605
|z Click to View
|